000 00694nam a2200229 i 4500
001 bg
100 1 _aGALSTER, Jan
_d(1954- )
245 1 0 _aKompendium wiedzy o Unii Europejskiej /
_cJan Galster, Zbigniew Witkowski.
250 _a[Wyd. 2 popr. i uzup.].
260 _aToruĊ„ :
_bTowarzystwo Naukowe Organizacji i Kierownictwa "Dom Organizatora",
_c1997.
300 _a[2], 194, [7] s. ;
_c21 cm.
504 _aBibliogr. s. [201].
610 2 9 _aUnia Europejska
700 1 _aWITKOWSKI, Zbigniew
020 _a8386850140
040 _cBPK
041 0 _apl
080 _a339.923:061.1A/Z](4-67)
920 _a83-86850-14-0
942 _cKS
008 s pl f |000 0 pol
999 _c33797
_d33797
856 _uhttp://koha.tu.koszalin.pl/cgi-bin/koha/opac-detail.pl?biblionumber=33797
_yKatalog online BPK